[Event "5th Sinquefield Cup 2017 GCT"]
[Site "Saint Louis"]
[Date "2017.08.05"]
[Round "5"]
[White "So, Wesley"]
[Black "Carlsen, Magnus"]
[Result "0-1"]
[WhiteElo "2810"]
[BlackElo "2822"]
[Annotator "TA"]
[PlyCount "58"]
[EventDate "2017.??.??"]
[EventCountry "USA"]
[SourceTitle "playchess.com"]
[Source "ChessBase"]
[SourceQuality "1"]

{[%evp 15,58,45,45,35,35,24,33,26,32,37,37,50,47,47,52,58,52,50,59,57,45,43,33,-15,-8,-32,-29,-27,-24,-32,-39,-64,-54,-60,-62,-106,-98,-103,-100,-106,-103,-113,-98,-248,-246]} 1. e4 e5 2. Nf3 Nc6 3. d4 exd4 4. Nxd4 Bb4+ 5. c3 Be7 6. Nxc6 bxc6 7. Bd3 d6 8. O-O Nf6 {[%cal Bg8f6,Bf6d7,Bd7c5][%mdl 32] LiveBook: 15 Games} 9. Re1 {C45: Scotch Game} (9. h3 O-O 10. Be3 Nd7 11. f4 a5 12. Nd2 a4 13. Qc2 Ba6 14. b4 axb3 15. axb3 Bxd3 16. Qxd3 d5 {½-½ (59) Tari,A (2570)-Kovalenko,I (2651) Fornebu 2016}) 9... O-O 10. Nd2 Re8 11. Nf3 $146 {White is slightly better.} ({Predecessor:} 11. Qc2 h6 12. Nb3 Ng4 13. f4 Bf8 14. h3 Nf6 15. Be3 g6 16. Na5 Bd7 17. Ba6 Rxe4 {1-0 (33) Schaper,H-Simmelink,J Netherlands 1998}) 11... Nd7 12. Bf4 Nc5 13. Bc2 Bg4 14. h3 Bh5 15. Be3 Nd7 16. Ba4 {Strongly threatening g4.} c5 17. g4 (17. e5 $5) 17... Bg6 18. e5 Rb8 19. Bf4 {[%cal Re5d6]} (19. b3 {with more complications.} Be4 20. Bf4 Bxf3 21. Qxf3 dxe5 22. Bg3) 19... Rxb2 20. exd6 (20. Bxd7 {is more complex.} Qxd7 21. exd6 cxd6 22. Ne5 Qc8 23. Nxg6 hxg6 24. Bxd6 Bxd6 25. Rxe8+ Qxe8 26. Qxd6 Kh7 27. Qxc5 Rc2 28. Rb1) 20... Bxd6 21. Rxe8+ Qxe8 22. Bxd6 cxd6 23. Qxd6 Qe2 $1 {[%csl LRa2,LRf2,LRf3]} 24. Qg3 {aiming for Re1.} Nf8 25. Re1 {[#]} Rb1 $1 {[%cal Rb1e1]} 26. Rxb1 Bxb1 27. Bc6 Bxa2 28. Qd6 {[#]} Qc4 $1 ({Much weaker is} 28... Bc4 $6 29. Qxc5 h5 30. Kh2 $11) 29. Ne5 (29. Qe5 $17 {keeps fighting.}) 29... Qxc3 {Precision: White = 51%, Black = 100%.} 0-1

[Event "5th Sinquefield Cup 2017 GCT"]
[Site "Saint Louis"]
[Date "2017.08.05"]
[Round "5"]
[White "Nakamura, Hikaru"]
[Black "Svidler, Peter"]
[Result "1/2-1/2"]
[WhiteElo "2792"]
[BlackElo "2751"]
[Annotator "TA"]
[PlyCount "106"]
[EventDate "2017.??.??"]
[EventCountry "USA"]
[SourceTitle "playchess.com"]
[Source "ChessBase"]
[SourceQuality "1"]

{[%evp 20,106,0,1,33,0,18,0,0,0,0,0,10,0,12,0,0,6,9,0,16,22,50,13,13,4,7,7,20,7,7,7,7,0,10,10,11,10,10,10,37,0,37,37,37,37,37,37,63,55,72,71,106,97,102,81,83,90,92,8,8,8,8,8,11,0,0,0,0,0,0,0,0,0,0,0,0,0,0,0,0,0,0,0,0,0,0,0,0]} 1. e4 e5 2. Nf3 Nc6 3. Bb5 a6 4. Ba4 Nf6 5. O-O Be7 6. Re1 b5 7. Bb3 O-O 8. a4 b4 9. d4 d6 10. dxe5 Nxe5 11. Nbd2 {LiveBook: 13 Games. C88: Closed Ruy Lopez: Anti-Marshall Systems} Ned7 $146 ({Predecessor:} 11... Nfd7 12. Nd4 c5 13. Nf5 Nf6 14. Ne3 Bb7 15. f3 Ng6 16. Ndc4 d5 17. exd5 Nxd5 18. Nf5 Qc7 19. Nxe7+ Ngxe7 {1-0 (41) Nakamura,H (2772)-Aronian,L (2813) Saint Louis 2013}) 12. Nd4 Bb7 13. c3 bxc3 14. bxc3 Nc5 {[%cal Rf6e4]} 15. Bc2 Re8 16. f3 Nfd7 17. a5 d5 18. exd5 Bxd5 19. Nf1 Ne6 20. Be3 Bc5 21. Nxe6 Bxe6 22. Be4 {White wants to play Bxc5.} Rb8 23. Qd3 Bxe3+ 24. Nxe3 Nc5 25. Bxh7+ Kf8 26. Qxd8 Rexd8 27. Bc2 Rd2 28. Rad1 Rxd1 29. Rxd1 Rb2 30. Rd8+ Ke7 31. Rg8 g6 32. f4 Ra2 33. h4 Nd7 34. Rc8 Rxa5 35. Rxc7 Kd6 {[#]} 36. Ra7 $1 Ra3 37. f5 gxf5 38. Bxf5 Ne5 39. h5 ({White should try} 39. Bxe6 $16 Kxe6 40. Ra8) 39... Bxf5 $1 $11 {The position is equal.} 40. Nxf5+ {[%mdl 4096] Endgame KRN-KRN} Ke6 $132 {[%mdl 2048] Black is not keeping still} 41. Ne3 {Ra8 is the strong threat.} Kf6 42. h6 Kg6 43. Re7 Ra5 44. Kh2 Rc5 45. Kg3 Nc6 46. Rc7 {[#] Black must now prevent Ng4.} (46. h7 $5 Kxh7 47. Rxf7+ Kg6 48. Rb7 $11) 46... Rxc3 47. Kf2 Rc5 48. h7 Kxh7 49. Rxf7+ Kg6 50. Rc7 Ne5 51. Rxc5 Nd3+ 52. Ke2 Nxc5 53. Kd2 Kg5 {Precision: White = 54%, Black = 64%.} 1/2-1/2

[Event "5th Sinquefield Cup 2017 GCT"]
[Site "Saint Louis"]
[Date "2017.08.05"]
[Round "5"]
[White "Vachier-Lagrave, Maxime"]
[Black "Aronian, Levon"]
[Result "1/2-1/2"]
[WhiteElo "2789"]
[BlackElo "2799"]
[Annotator "TA"]
[PlyCount "90"]
[EventDate "2017.??.??"]
[EventCountry "USA"]
[SourceTitle "playchess.com"]
[Source "ChessBase"]
[SourceQuality "1"]

{[%evp 18,90,17,14,15,22,22,18,37,39,32,20,37,35,25,-18,0,0,0,0,0,0,20,6,20,20,17,26,62,24,47,49,54,47,50,35,33,33,33,40,40,35,33,38,41,41,56,56,51,50,51,54,47,20,47,58,44,28,45,15,13,10,16,0,0,8,18,16,14,12,13,0,27,0,33]} 1. e4 e5 2. Nf3 Nc6 3. Bc4 Bc5 4. O-O Nf6 5. d3 O-O 6. a4 {C50: Hungarian Defence and Giuoco Pianissimo} a6 7. c3 Ba7 8. Re1 d6 9. h3 b5 10. Bb3 {LiveBook: 3 Games} b4 11. a5 Rb8 12. Nbd2 Be6 13. Bc2 $146 ({Predecessor:} 13. Bxe6 fxe6 14. Nc4 {0-1 (51) Jakovenko,D (2703)-Aronian,L (2809) Geneve 2017}) 13... h6 14. Nf1 d5 15. exd5 Nxd5 16. Bd2 b3 17. Bb1 Qd6 18. Qe2 {[%cal Rf3e5]} Rbe8 19. Ra3 ({Reject} 19. d4 exd4 20. Qd3 Nf6 $17) 19... f5 20. Nxe5 Bd7 {[%cal Rc6e5]} 21. d4 Nxd4 22. cxd4 Bxd4 {[%cal Re8e5]} 23. Rxb3 {aiming for Ba2.} Rxe5 24. Qc4 Rxe1 25. Bxe1 Re8 26. Bb4 Qe5 27. Rd3 Bb5 28. Qxd4 Bxd3 29. Qxd3 Nxb4 30. Qc4+ Nd5 {[#] Hoping for ...Kh8.} 31. Ba2 $1 Kh7 {...Nf4 is the strong threat.} 32. Qxd5 Qxd5 33. Bxd5 Re5 34. Bc4 Rxa5 35. f4 Ra1 36. Kf2 a5 37. Nd2 Kg6 38. Bd3 Kf6 39. Nc4 a4 40. g4 fxg4 41. hxg4 Ke6 42. Be4 Rc1 43. Ne3 Ra1 44. Nc4 Rc1 45. Ne3 Ra1 {Precision: White = 64%, Black = 63%.} 1/2-1/2

[Event "5th Sinquefield Cup 2017 GCT"]
[Site "Saint Louis"]
[Date "2017.08.05"]
[Round "5"]
[White "Anand, Viswanathan"]
[Black "Caruana, Fabiano"]
[Result "1-0"]
[WhiteElo "2783"]
[BlackElo "2807"]
[Annotator "TA"]
[PlyCount "57"]
[EventDate "2017.??.??"]
[EventCountry "USA"]
[SourceTitle "playchess.com"]
[Source "ChessBase"]
[SourceQuality "1"]

{[%evp 14,57,27,0,0,0,0,0,0,0,0,-11,26,25,27,39,59,0,0,0,0,0,0,-8,12,0,95,97,104,104,172,171,171,168,156,160,165,167,1035,1033,29980,29981,29991,29992,29992,29993]} 1. c4 e5 2. Nc3 Nf6 3. Nf3 Nc6 4. g3 d5 5. cxd5 Nxd5 6. Bg2 Bc5 {A29: English Opening: Four Knights Variation with 4 g3} (6... Nb6 7. O-O Be7 8. a3 a5 9. d3 O-O 10. Be3 Be6 11. Rc1 a4 12. Nd2 f5 13. Bxb6 cxb6 14. Nxa4 Bg5 15. Nc3 e4 16. Rb1 Ne5 17. Nb3 Ng4 18. Qc2 Be3 19. dxe4 {1-0 (36) Nepomniachtchi,I (2742)-Aronian,L (2809) Geneve 2017}) 7. O-O O-O 8. d3 {LiveBook: 5 Games} (8. Nxe5 $5 Nxc3 9. bxc3 $11) 8... Bb6 {The position is equal.} 9. Bd2 Bg4 $146 ({Find the theoretical novelty and annotate with similar games:} 9... Nxc3 10. Bxc3 f6 11. a4 a5 12. Qb3+ Kh8 13. Nd2 Nd4 14. Qd1 Bg4 15. Bxd4 Bxd4 16. Bxb7 Rb8 17. Bf3 Be6 18. Rb1 Bxb2 {½-½ (18) Jarabinsky,M (2164)-Liamtsau,V (2184) LSS email 2012}) 10. Rc1 Nxc3 11. Bxc3 Re8 12. b4 Qd6 13. Nd2 Qh6 14. Nc4 Qh5 15. Rc2 (15. Re1 $1 $14) 15... Rad8 $11 {Threatening ...e4!} 16. Nxb6 cxb6 17. f3 Be6 18. Qd2 b5 19. f4 Bg4 {[#]} (19... Bh3 $11 {keeps the balance.}) 20. Bxc6 $1 $16 bxc6 21. fxe5 f6 (21... Rd7 $16 {was called for.}) 22. exf6 $18 {f7+ is the strong threat.} Rxe2 {[%csl Ge2][%cal Rh5h2]} 23. f7+ Kf8 {[%csl Ge2][%cal Rh5h2] [#]} 24. Bxg7+ $1 {[%mdl 512]} Kxg7 {[%csl Ge2][%cal Rh5h2]} 25. Qc3+ Re5 $2 {[#]} (25... Qe5) 26. Qd4 $1 {[%mdl 512]} Qg5 (26... Rxd4 27. f8=Q+) 27. Rc5 {White mates.} Rxd4 28. f8=Q+ Kg6 29. Qf7+ {Precision: White = 71%, Black = 35%.} 1-0

[Event "5th Sinquefield Cup 2017 GCT"]
[Site "Saint Louis"]
[Date "2017.08.05"]
[Round "5"]
[White "Karjakin, Sergey"]
[Black "Nepomniachtchi, Ian"]
[Result "1/2-1/2"]
[WhiteElo "2773"]
[BlackElo "2751"]
[Annotator "TA"]
[PlyCount "120"]
[EventDate "2017.??.??"]
[EventCountry "USA"]
[SourceTitle "playchess.com"]
[Source "ChessBase"]
[SourceQuality "1"]

{[%evp 11,120,26,33,30,27,12,1,0,0,-8,-5,0,-4,-10,8,4,7,-28,-29,-41,-33,-34,-31,-47,-42,-54,-38,-34,-26,-29,-32,-33,-39,-39,0,-48,-59,-92,-85,-91,-90,-123,-116,-158,-160,-158,-116,-115,-101,-101,-101,-101,-101,-101,-101,-101,-101,-101,-101,-101,-101,-101,-101,-101,-101,-101,-101,-101,-101,-101,-101,-102,-79,-79,-6,-6,0,0,0,0,0,0,0,0,0,0,0,0,0,0,-64,-64,0,0,0,0,0,0,0,0,0,0,0,0,0,0,0,0,0,0,0]} 1. e4 d6 2. d4 Nf6 3. Nc3 g6 4. f4 Bg7 5. Bd3 O-O 6. Nf3 Nc6 {LiveBook: 846 Games} 7. Be2 {B09: Pirc Defence: Austrian Attack} (7. e5 dxe5 8. fxe5 Nd5 9. Nxd5 Qxd5 10. c3 Bg4 11. Qe2 Rad8 12. Be4 Qd7 13. Be3 f6 14. O-O-O fxe5 15. Qc4+ Kh8 16. dxe5 Nxe5 17. Nxe5 Qxd1+ 18. Rxd1 Rxd1+ {1-0 (50) Karjakin,S (2785)-Van Wely,L (2695) Wijk aan Zee 2017}) 7... Bg4 8. Be3 (8. d5 $5 {[%cal Rd5c6]} Na5 9. O-O $11) 8... Bxf3 $146 ({Predecessor:} 8... Nd7 9. Nd2 Bxe2 10. Nxe2 e5 11. d5 Ne7 12. Nf3 exf4 13. Bxf4 Bxb2 14. Rb1 Bg7 15. Rxb7 {0-1 (53) Karavitaki,A (1075)-Darviri,C Porto Rio 2016}) 9. Bxf3 e5 10. fxe5 dxe5 11. d5 Nd4 $1 12. O-O c6 13. dxc6 bxc6 14. Ne2 {[%cal Re2d4]} (14. Be2 $5) 14... Qc7 15. c3 Nxf3+ 16. gxf3 Nh5 17. Qd3 Rfd8 18. Qc4 Rd7 19. Rad1 Rad8 20. Rxd7 Rxd7 21. b4 Qd6 22. Qa6 Qc7 23. a4 Bf6 24. a5 Kg7 25. Qc4 {[#]} h6 $1 26. a6 Bg5 27. Bxg5 hxg5 28. Qc5 Kg8 29. b5 cxb5 30. Qxc7 Rxc7 $17 {[%mdl 4096] Endgame KRN-KRN} 31. Rb1 {[#]} Rc5 $1 32. Rd1 Nf4 33. Nxf4 gxf4 {KR-KR} 34. Rd7 Rxc3 35. Kg2 Rc2+ 36. Kg1 Ra2 37. Rxa7 Kg7 38. Rb7 Rxa6 39. Rxb5 Kf6 40. h4 {[%cal Bh2h4,Bh4h5,Bh5h6,Bh6h7][%mdl 32]} Ke6 41. Rb7 f5 42. exf5+ gxf5 (42... Kxf5 $17 43. Rb8 Ke6 44. Re8+ Kd5 45. Rd8+ Ke6 46. Re8+ Kd5 47. Rd8+ Rd6) 43. h5 $11 e4 {Threatens to win with ...e3.} 44. h6 e3 {Hoping for ...Ra1+.} 45. h7 Ra8 46. Kf1 Kf6 {White must now prevent ...Kg6.} 47. Ra7 $1 {[%cal Ra7a8]} Rh8 {Strongly threatening ...Kg6.} 48. Ke2 Kg6 49. Ra4 $1 Rxh7 (49... Kg5 $11 50. Ra7 Kg6) 50. Rxf4 $15 Kg5 51. Ra4 Re7 (51... f4 $15 52. Ra5+ Kf6 53. Ra6+ Ke5 54. Ra5+ Ke6 55. Ra6+ Ke5 56. Ra5+ Kd6 57. Ra6+ Ke5) 52. f4+ $11 {The position is equal.} Kg4 53. Rb4 Kg3 54. Ra4 Rb7 55. Kxe3 Re7+ 56. Kd2 Kf3 57. Kd1 Re8 58. Rb4 Rh8 59. Rb5 Rh5 60. Ke1 Kxf4 {Precision: White = 72%, Black = 68%.} 1/2-1/2

[Event "5th Sinquefield Cup 2017 GCT"]
[Site "Saint Louis"]
[Date "2017.08.08"]
[Round "6"]
[White "Carlsen, Magnus"]
[Black "Nakamura, Hikaru"]
[Result "1/2-1/2"]
[WhiteElo "2822"]
[BlackElo "2792"]
[Annotator "TA"]
[PlyCount "188"]
[EventDate "2017.??.??"]
[EventCountry "USA"]
[SourceTitle "playchess.com"]
[Source "ChessBase"]
[SourceQuality "1"]

{[%evp 23,188,17,19,10,16,17,27,21,45,45,60,64,64,60,61,52,50,29,30,36,29,29,29,30,30,31,30,32,36,39,28,32,55,50,56,36,36,36,36,36,36,36,36,36,38,27,27,27,27,27,27,27,46,46,90,90,1085,689,937,90,90,90,1093,0,0,0,0,0,0,0,0,0,0,0,0,0,0,0,0,0,0,0,0,0,0,0,0,0,0,0,0,0,0,0,0,0,0,0,0,0,0,0,0,0,0,0,0,0,0,0,0,0,0,0,0,0,0,0,0,0,0,0,0,0,0,0,0,0,0,0,0,0,0,0,0,0,0,0,0,0,0,0,0,0,0,0,0,0,0,0,0,0,0,0,0,0,0,0,0,0,0,0,0,0,0,0,0]} 1. d4 Nf6 2. c4 e6 3. Nf3 d5 4. Nc3 Be7 5. Bf4 O-O 6. e3 c5 7. dxc5 Bxc5 8. cxd5 Nxd5 9. Nxd5 exd5 10. Bd3 Bb4+ {D37: Queen's Gambit Declined: 5 Bf4} 11. Nd2 Nc6 12. O-O Be7 {LiveBook: 5 Games} 13. Rc1 (13. a3 Bf6 14. Nf3 Qe7 15. h3 g6 16. Qd2 Be6 17. Rac1 Rfd8 18. b4 {½-½ (76) Giri,A (2771)-Karjakin,S (2781) Stavanger 2017}) 13... Bf6 {[#]} 14. Nf3 $146 ({Predecessor:} 14. Qb3 Qb6 15. Qxd5 Nb4 16. Qe4 Nxd3 17. Qxd3 Rd8 18. Qc2 Qxb2 19. Ne4 Qxc2 20. Nxf6+ gxf6 21. Rxc2 Be6 22. Rfc1 {½-½ (22) Nyback,T (2639)-Solozhenkin,E (2511) Finland 2009}) 14... Qe7 15. h3 g6 16. Bb5 Bd7 17. Qxd5 Be6 18. Qe4 Bxb2 19. Bxc6 f5 20. Bg5 (20. Qb1 {is more complex.} Bxc1 21. Qxb7 Qxb7 22. Bxb7 Ba3 23. Bxa8 Rxa8 24. Ng5) 20... fxe4 21. Bxe7 Bxc1 22. Bxb7 ({Don't play} 22. Rxc1 Rfc8 $17) 22... Bxe3 23. Bxf8 Rxf8 24. fxe3 exf3 25. Bxf3 $11 {[%mdl 4096] Endgame KRB-KRB} Rb8 26. a4 Rb4 27. Bc6 Rc4 28. Bb5 Re4 29. Rd1 a6 30. Bxa6 Rxa4 31. Bb7 Kf7 32. Kf2 Kf6 33. Bd5 Bf5 34. g4 Be6 35. Kf3 Ra5 36. Bxe6 Kxe6 {KR-KR} 37. h4 Ra2 38. Rb1 Ra7 39. Kf4 Ra4+ $2 {[%mdl 8192]} (39... Kf7 $16 40. e4 Kf6) 40. e4 $18 Ra7 {[#]} 41. Rb6+ $2 (41. Kg5 $1 $18 {and the rest is easy.} Ke5 42. Rf1) 41... Kf7 $16 42. Rc6 Rd7 $2 {[%mdl 8192] [#]} (42... Kg7 $16 43. Re6 Rb7) 43. g5 $2 (43. h5 $1 $18 Ra7 44. hxg6+ hxg6 45. Rb6) 43... Ra7 {The position is equal.} 44. Ke5 Re7+ 45. Kd5 Rd7+ 46. Rd6 (46. Kc4 {looks sharper.} Ra7 47. Kc3 Ke7 48. Kc4 Kf7) 46... Ra7 47. Rf6+ (47. e5 $5 {[%cal Re5e6]} Ra5+ 48. Ke4 $14) 47... Ke7 48. Rc6 Rd7+ 49. Ke5 Ra7 50. Rc5 (50. h5 $5 gxh5 51. Rh6 $16) 50... Rd7 51. Ra5 (51. h5 $5) 51... Kf7 52. Ra1 Re7+ 53. Kf4 Rb7 54. Ra6 Rc7 55. Kg4 Re7 56. Rf6+ (56. e5 $5) 56... Ke8 57. Kf4 (57. e5 $5) 57... Ra7 58. Rb6 Kf7 59. Ke5 Re7+ 60. Kd5 {And now Rf6+ would win.} Rd7+ 61. Rd6 (61. Kc4 {feels hotter.} Rc7+ 62. Kd4 Rd7+ 63. Kc4) 61... Ra7 62. Rd8 (62. e5 $5 {[%cal Re5e6]} Ra5+ 63. Ke4 $14) 62... Ra5+ 63. Kd4 Ra4+ 64. Ke5 {Threatens to win with Rd7+.} Ra5+ 65. Kf4 Ra7 66. Rd4 Ke6 67. Rb4 Rf7+ 68. Ke3 Ra7 69. Rb8 (69. e5 $5) 69... Re7 70. Rh8 (70. e5 $5) 70... Ra7 71. Re8+ (71. e5 $5) 71... Kf7 72. Rb8 (72. Re5 {looks sharper.} Ra3+ 73. Kd4 Rh3 74. Ra5 Rxh4 75. Ke5) 72... Ke6 73. Rb6+ (73. e5 $5) 73... Kf7 74. Kf4 Re7 75. Rf6+ Ke8 $1 76. h5 gxh5 77. e5 Rf7 78. Ke4 (78. e6 {is more complex.} Rf8 79. Rxf8+ Kxf8) 78... Rg7 79. Kf5 {Strongly threatening e6.} (79. e6 $5 {[%cal Re4f5]}) 79... Rf7 80. Kf4 {Threatening Ke4.} (80. e6 {is interesting.} Rf8 81. Rxf8+ Kxf8) 80... h4 81. Kg4 (81. e6 {with more complications.} Rf8 82. Ke4 Rg8 83. Kf5 Rf8 84. Ke4) 81... Re7 82. e6 Ra7 83. Rh6 {Black must now prevent Kf5.} Kf8 $1 84. Kxh4 {Hoping for Kg4.} Ra4+ 85. Kh5 Re4 86. Rf6+ ({Much less strong is} 86. Rxh7 $6 Rxe6 87. Rh6 Re7 $16) 86... Kg7 87. Rf7+ Kg8 88. Re7 Kf8 89. Rxh7 {aiming for Rh8+.} Rxe6 90. Rh6 Re1 91. Ra6 Kg7 92. Ra7+ Kg8 93. Kh6 $1 Re6+ 94. g6 {Intending Ra8+ and mate.} Re8 {Precision: White = 60%, Black = 74%.} 1/2-1/2

[Event "5th Sinquefield Cup 2017 GCT"]
[Site "Saint Louis"]
[Date "2017.08.08"]
[Round "6"]
[White "Caruana, Fabiano"]
[Black "Vachier-Lagrave, Maxime"]
[Result "1/2-1/2"]
[WhiteElo "2807"]
[BlackElo "2789"]
[Annotator "TA"]
[PlyCount "60"]
[EventDate "2017.??.??"]
[EventCountry "USA"]
[SourceTitle "playchess.com"]
[Source "ChessBase"]
[SourceQuality "1"]

{[%evp 16,60,31,17,25,-31,5,7,77,76,90,93,128,131,129,129,133,95,118,106,137,129,132,120,122,86,121,110,77,81,97,33,35,24,13,17,17,18,22,0,11,11,10,0,0,0,0]} 1. e4 c5 2. Nf3 d6 3. d4 cxd4 4. Nxd4 Nf6 5. Nc3 a6 6. Bg5 e6 7. f4 h6 8. Bh4 Qb6 9. a3 Be7 {B96: Sicilian Najdorf: 6 Bg5 e6 7 f4, lines other than 7...Qb6 and 7...Be7} 10. Qd3 $146 (10. Bf2 $11 Qc7 11. Be2) ({Predecessor:} 10. Bf2 Qc7 11. Qf3 Nbd7 12. O-O-O b5 13. g4 Bb7 14. h4 d5 15. e5 Ne4 16. Rh3 Nxf2 17. Qxf2 {½-½ (43) Caruana,F (2817)-Vachier Lagrave,M (2803) Karlsruhe 2017}) 10... Nbd7 {Strongly threatening ...Nc5.} (10... Nxe4 $5 11. O-O-O (11. Nxe4 Bxh4+ 12. g3 Be7 $17) 11... Bxh4 12. Qxe4 O-O $17) 11. O-O-O g5 (11... Nc5 $11 12. Qe3 Bd7) 12. fxg5 $16 Ne5 {[#]} 13. Qd2 $1 Nh7 14. Nf3 {Black must now prevent Bf2.} hxg5 {[#]} 15. Bf2 $1 {[%cal Rf2b6]} ({Weaker is} 15. Nxg5 Qd8 $15) 15... Qc7 16. Be2 Bd7 17. h4 {[%cal Rh4g5,Bh2h4,Bh4h5][%mdl 32]} Rg8 18. h5 g4 19. Nxe5 dxe5 20. Bh4 Bc6 21. Qe3 Bxh4 22. Rxh4 Qe7 23. Rxg4 (23. Qg3 $16) 23... Rxg4 $14 24. Bxg4 Qg5 $1 {[%cal Rg5e3]} 25. Qxg5 {The position is equal.} Nxg5 26. Bf3 Ke7 27. Kd2 Rh8 28. Rh1 f5 29. Ke3 Kf6 30. b4 b5 {Precision: White = 46%, Black = 69%.} 1/2-1/2

[Event "5th Sinquefield Cup 2017 GCT"]
[Site "Saint Louis"]
[Date "2017.08.08"]
[Round "6"]
[White "Aronian, Levon"]
[Black "So, Wesley"]
[Result "1-0"]
[WhiteElo "2799"]
[BlackElo "2810"]
[Annotator "TA"]
[PlyCount "63"]
[EventDate "2017.??.??"]
[EventCountry "USA"]
[SourceTitle "playchess.com"]
[Source "ChessBase"]
[SourceQuality "1"]

{[%evp 14,63,8,9,9,8,13,8,22,16,19,20,19,16,13,0,0,14,8,3,14,0,15,4,9,3,31,30,19,9,45,53,45,23,37,28,42,33,35,35,36,41,132,135,636,620,1144,1130,1465,1463,1698,2229]} 1. d4 Nf6 2. c4 e6 3. Nf3 d5 4. Nc3 Bb4 5. Bg5 h6 6. Bxf6 Qxf6 7. Qa4+ Nc6 8. e3 O-O {D38: Queen's Gambit Declined: Ragozin Defence (4 Nf3 Bb4)} 9. Be2 (9. Rc1 Rd8 10. Be2 dxc4 11. Bxc4 Bd7 12. Qc2 Bd6 13. O-O a6 14. Rfd1 Qe7 15. a3 Rac8 16. Ba2 {1-0 (39) Navara,D (2737)-Leko,P (2678) Biel 2017}) (9. Rd1 Rd8 10. Qc2 Bf8 11. a3 g6 12. Be2 Bg7 13. O-O a5 14. Nb5 Qe7 15. Rc1 dxc4 16. Bxc4 {½-½ (35) Aronian,L (2793)-So,W (2812) Leuven 2017}) 9... dxc4 10. O-O Bxc3 {The position is equal.} 11. bxc3 Bd7 12. Qxc4 Rac8 $146 ({Predecessor:} 12... Rfd8 13. Nd2 Rac8 14. Nb3 Qe7 15. a4 a5 16. Bf3 {1-0 (43) Ushenina,A (2438)-Milliet,S (2356) Reykjavik 2015}) 13. Rad1 Rfd8 14. Nd2 Na5 15. Qb4 b6 16. Ba6 Rb8 17. Ne4 Qf5 18. Bd3 Bc6 19. f3 {[%cal Bf2f3,Bf3e4][%mdl 32]} Bxe4 20. fxe4 Qg5 21. Rf3 c5 22. Qb2 e5 23. Rdf1 {With the idea Qf2.} cxd4 24. cxd4 {Strongly threatening Qf2.} Rb7 25. d5 $36 {[%mdl 2048] White has some pressure.} Rc7 26. h4 Qxh4 27. Qxe5 Qe7 (27... Re7 $14 28. Qf4 Qxf4 29. exf4 (29. Rxf4 Nb7 $15) 29... f5) 28. Qg3 Qc5 $2 {[%mdl 8192] [#]} (28... Qd6 $16) 29. Rf6 $1 $18 {[%cal Bf3f6,Bf6h6,Bh6h5][%mdl 32] White is clearly winning.} h5 30. Rh6 Qc3 31. Rxh5 g6 32. e5 {Precision: White = 78%, Black = 42%.} 1-0

[Event "5th Sinquefield Cup 2017 GCT"]
[Site "Saint Louis"]
[Date "2017.08.08"]
[Round "6"]
[White "Karjakin, Sergey"]
[Black "Anand, Viswanathan"]
[Result "1/2-1/2"]
[WhiteElo "2773"]
[BlackElo "2783"]
[Annotator "TA"]
[PlyCount "60"]
[EventDate "2017.??.??"]
[EventCountry "USA"]
[SourceTitle "playchess.com"]
[Source "ChessBase"]
[SourceQuality "1"]

{[%evp 9,60,6,16,4,7,0,5,9,19,10,21,20,22,21,16,0,5,0,0,6,7,6,9,1,0,0,0,0,0,0,0,-6,0,0,0,-2,0,0,0,0,0,0,0,0,0,0,0,0,0,0,0,0,0]} 1. d4 Nf6 2. Bf4 d5 3. e3 e6 4. Nf3 Bd6 5. Nbd2 c5 {LiveBook: 11 Games. The position is equal.} (5... O-O 6. Bxd6 Qxd6 7. c4 c5 8. dxc5 Qxc5 9. cxd5 Qxd5 10. Bc4 Qd6 11. O-O Bd7 12. Be2 Bc6 13. Nc4 Qe7 {½-½ (29) Carlsen,M (2832)-Anand,V (2786) Leuven 2017}) 6. Bb5+ {D02: 1 d4 d5 2 Nf3 sidelines, including 2...Nf6 3 g3 and 2...Nf6 3 Bf4} Nc6 $1 {[%cal Bb8c6,Bc6e5,Be5f3][%mdl 32]} 7. dxc5 Bxc5 8. c4 $146 ({Predecessor:} 8. O-O O-O 9. Nb3 Bb6 10. c4 Qe7 11. Rc1 e5 12. Bg3 dxc4 {1-0 (36) Laczay,I (2257)-Berch,N ICCF email 1999}) 8... Bd7 9. O-O (9. Rc1 $5 {[%cal Rc4d5]} d4 10. Qe2 $11) 9... O-O 10. cxd5 Nxd5 11. Bg3 Ne5 12. Bxd7 Nxf3+ 13. Nxf3 {[#] And now Ba4 would win.} Qxd7 14. Qb3 (14. Ne5 $5 {[%cal Re5d7]} Qe7 15. Nf3 $11) 14... Nb6 15. Rfd1 Qa4 16. Qxa4 Nxa4 17. Be5 f6 18. b3 Nb6 $1 19. Bd4 Rac8 20. e4 e5 21. Bxc5 Rxc5 22. Rac1 Rxc1 23. Rxc1 Rc8 24. Rxc8+ Nxc8 $11 {[%mdl 4096] Endgame KN-KN} 25. Nd2 Kf7 26. f3 Ke6 27. Kf2 Kd6 28. Ke3 Kc5 29. a3 Nd6 30. Kd3 a5 {Precision: White = 73%, Black = 82%.} 1/2-1/2

[Event "5th Sinquefield Cup 2017 GCT"]
[Site "Saint Louis"]
[Date "2017.08.08"]
[Round "6"]
[White "Nepomniachtchi, Ian"]
[Black "Svidler, Peter"]
[Result "1/2-1/2"]
[WhiteElo "2751"]
[BlackElo "2751"]
[Annotator "TA"]
[PlyCount "95"]
[EventDate "2017.??.??"]
[EventCountry "USA"]
[SourceTitle "playchess.com"]
[Source "ChessBase"]
[SourceQuality "1"]

{[%evp 22,95,16,4,17,17,17,17,17,17,27,18,20,20,50,31,29,21,20,33,16,20,20,20,20,20,18,14,20,9,9,9,9,9,9,9,9,9,68,9,8,6,9,2,7,0,0,0,7,8,9,8,15,10,64,64,64,64,64,64,64,64,64,64,64,64,64,64,64,64,64,64,64,58,58,49]} 1. e4 e5 2. Nf3 Nc6 3. Bb5 {[%cal Bf1b5,Bb5a4,Ba4b3][%mdl 32]} a6 4. Ba4 Nf6 5. O-O Be7 6. Re1 b5 7. Bb3 O-O 8. d4 d6 9. c3 Bg4 10. Be3 Bh5 11. Nbd2 Na5 {C91: Closed Ruy Lopez: 7...d6 8 c3 0-0 9 d4} 12. Bc2 {LiveBook: 37 Games} Ng4 13. Qe2 Nxe3 {The position is equal.} 14. Qxe3 Bxf3 15. Nxf3 Nc4 16. Qc1 Bf6 17. a4 b4 $146 ({Find the theoretical novelty and annotate with similar games:} 17... c6 18. Rd1 Qc7 19. d5 {1-0 (50) Fedorchuk,S (2665)-Oms Pallisse,J (2494) Barbera del Valles 2010}) 18. cxb4 exd4 19. Bd3 Ne5 20. Nxe5 dxe5 21. Qc5 Re8 22. Rec1 Be7 23. Qxc7 Bxb4 24. Qxd8 Rexd8 25. a5 Rdc8 26. Rxc8+ Rxc8 $11 {[%mdl 4096] Endgame KRB-KRB} 27. Kf1 Rc5 28. Ra4 Bxa5 29. b4 Rc1+ $1 30. Ke2 Bd8 31. Rxa6 {[#] Strongly threatening Ra8.} Kf8 32. b5 Rc3 33. Ra7 g5 34. g4 Bb6 35. Ra6 Bc5 36. Rh6 Kg7 37. Rc6 {With the idea b6.} Bb4 ({Black should try} 37... Ba7 $1 $11) 38. Rxc3 $14 {White is slightly better.} Bxc3 {KB-KB} 39. b6 {[%cal Bb5b6,Bb6b7][%mdl 32] [#] Black must now prevent b7.} Ba5 40. b7 Bc7 41. Bc2 Kf8 42. Kd3 $1 Ke7 43. Kc4 $1 f6 44. Kd5 h6 45. Bd3 Bb8 46. Kc6 Bd6 47. h3 Bb8 48. f3 {Precision: White = 79%, Black = 78%.} 1/2-1/2